Central Library OPAC University of Rajshahi

Business logistics : (Record no. 15738)

MARC details
000 -LEADER
fixed length control field 00792cam a22002411i 4500
001 - CONTROL NUMBER
control field 15738
003 - CONTROL NUMBER IDENTIFIER
rucl marc code BD-RjUL
005 - DATE AND TIME OF LATEST TRANSACTION
control field 20211208235857.0
008 - FIXED-LENGTH DATA ELEMENTS--GENERAL INFORMATION
fixed length control field 140210s1964 nyua b 001 0 eng
035 ## - SYSTEM CONTROL NUMBER
System control number (BD-RjUL)15793
040 ## - CATALOGING SOURCE
Modifying agency BD-RjUL
Original cataloging agency NNC
Language of cataloging eng
Transcribing agency NNC
041 ## - LANGUAGE CODE
Language code of text/sound track or separate title eng
082 00 - DEWEY DECIMAL CLASSIFICATION NUMBER
Classification number 658.7
Author mark and year HEB 1964
100 1# - MAIN ENTRY--PERSONAL NAME
Personal name Heskett, James L.
9 (RLIN) 48477
245 10 - TITLE STATEMENT
Title Business logistics :
Remainder of title management of physical supply and distribution /
Statement of responsibility, etc. J.L. Heskett, Robert M. Ivie [and] Nicholas A. Glaskowsky, Jr.
260 ## - PUBLICATION, DISTRIBUTION, ETC. (IMPRINT)
Place of publication, distribution, etc. New York :
Name of publisher, distributor, etc. Ronald Press Co.,
Date of publication, distribution, etc. c1964.
300 ## - PHYSICAL DESCRIPTION
Pagination xi, 557 p. :
Illustrations ill. ;
Size 24 cm.
500 ## - GENERAL NOTE
General note Includes index.
504 ## - BIBLIOGRAPHY, ETC. NOTE
Bibliography, etc Includes bibliographies. "Information sources": p. 525-534.
650 #0 - SUBJECT ADDED ENTRY--TOPICAL TERM
Topical term or geographic name as entry element Materials management.
9 (RLIN) 46909
942 ## - ADDED ENTRY ELEMENTS (KOHA)
Source of classification or shelving scheme Dewey Decimal Classification
Koha item type Books
Holdings
Lost status Source of classification or shelving scheme Damaged status Not for loan Collection code Permanent Location Current Location Shelving location Date acquired Source of acquisition Cost, normal purchase price Total Checkouts Full call number Date last seen Copy number Koha item type
  Dewey Decimal Classification     Non-fiction Central Library, University of Rajshahi Central Library, University of Rajshahi   15/09/1969 Zeitlinger 12.00   658.7 HEB 1964 10/02/2014 C-10 Books
  Dewey Decimal Classification     Non-fiction Central Library, University of Rajshahi Central Library, University of Rajshahi   18/09/1970 Sweets & Zeitlinger 114.00   658.7 HEB 1964 07/05/2014 C-9 Books
  Dewey Decimal Classification     Non-fiction Central Library, University of Rajshahi Central Library, University of Rajshahi   15/09/1969 Zeitlinger 0.00   658.7 HEB 1964 07/05/2014 C-2 Books
  Dewey Decimal Classification     Non-fiction Central Library, University of Rajshahi Central Library, University of Rajshahi   15/09/1969 Zeitlinger 0.00   658.7 HEB 1964 07/05/2014 C-8 Books
  Dewey Decimal Classification     Non-fiction Central Library, University of Rajshahi Central Library, University of Rajshahi   01/11/1955 W.B.C. Dacca 14.10   658.7 HEB 1964 07/05/2014 C-7 Books
  Dewey Decimal Classification   Not For Loan Non-fiction Central Library, University of Rajshahi Central Library, University of Rajshahi Reading Room 15/09/1969 Zeitlinger     658.7 HEB 1964 21/01/2017 C-1 Books
  Dewey Decimal Classification     Non-fiction Central Library, University of Rajshahi Central Library, University of Rajshahi   08/03/1970 Zeitlinger     658.7 HEB 1964 27/10/2019 C-3 Books
  Dewey Decimal Classification     Non-fiction Central Library, University of Rajshahi Central Library, University of Rajshahi   27/10/2019 Zeitlinger     658.7 HEB 1964 27/10/2019 C-4 Books
  Dewey Decimal Classification     Non-fiction Central Library, University of Rajshahi Central Library, University of Rajshahi   05/06/1970 Zeitlinger 120.00   658.7 HEB 1964 27/10/2019 C-5 Books
  Dewey Decimal Classification     Non-fiction Central Library, University of Rajshahi Central Library, University of Rajshahi   05/06/1970 zeitlinger 120.00   658.7 HEB 1964 28/10/2019 C-6 Books
  Dewey Decimal Classification     Non-fiction Central Library, University of Rajshahi Central Library, University of Rajshahi   05/06/1970 zeitlinger     658.7 HEB 1964 28/10/2019 C-11 Books